| 000 | 00000cam 2200000zi 4500 |
| 001 | 9.932202 |
| 003 | CaOODSP |
| 005 | 20260409113123 |
| 006 | m o d f |
| 007 | cr |n||||||||| |
| 008 | 231117e201404 qucb ob f000 0 eng d |
| 040 | |aCaOODSP|beng|erda|cCaOODSP |
| 043 | |an-cn--- |
| 086 | 1 |aEn4-634/2014E-PDF |
| 245 | 00|aEvaluation of Canada's provision of Meteorological Warning Services for Defined Regions of the Arctic Ocean (METAREA Initiative) : |bfinal. |
| 246 | 17|aEvaluation of the METAREA Initiative |
| 264 | 1|a[Gatineau QC] : |bEnvironment Canada = Environnement Canada, |cApril 2014. |
| 300 | |a1 online resource (iv, 28 pages) : |bmap |
| 336 | |atext|btxt|2rdacontent |
| 337 | |acomputer|bc|2rdamedia |
| 338 | |aonline resource|bcr|2rdacarrier |
| 500 | |aIssued also in French under title: Évaluation des dispositions du Canada en matière de services d'avertissement météorologique pour certaines régions de l'océan Arctique (initiative METAREA) : version définitive. |
| 504 | |aIncludes bibliographical references (page 27). |
| 650 | 0|aMarine meteorological services|zCanada|xEvaluation. |
| 710 | 1 |aCanada. |bEnvironment Canada, |eissuing body. |
| 775 | 08|tÉvaluation des dispositions du Canada en matière de services d'avertissement météorologique pour certaines régions de l'océan Arctique (initiative METAREA) : |w(CaOODSP)9.933813 |
| 856 | 40|qPDF|s564 KB|uhttps://publications.gc.ca/collections/collection_2024/eccc/en4/En4-634-2014-eng.pdf |
| 856 | 4 |qHTML|sN/A|uhttps://www.canada.ca/en/environment-climate-change/corporate/transparency/priorities-management/evaluations/meteorological-warning-services-arctic.html |